[Event "EICC 2019"]
[Site "Skopia"]
[Date "2019.03.18"]
[Round "1.1"]
[White "Haldorsen, Benjamin"]
[Black "Artemiev, Vladislav"]
[Result "0-1"]
[WhiteElo "2448"]
[BlackElo "2736"]
[Annotator "TA"]
[PlyCount "104"]
[EventDate "2019.03.18"]
[EventType "swiss"]
[EventCountry "MKD"]
[SourceTitle "playchess.com"]
[Source "ChessBase"]
[SourceQuality "1"]

{[%evp 14,104,34,38,25,17,38,32,31,38,70,55,49,42,75,75,70,72,63,72,76,47,60,43,45,20,34,27,85,26,97,61,72,72,70,64,54,54,66,54,69,8,8,8,8,8,26,41,62,0,0,-88,-78,-91,-72,-70,-74,-58,-52,-164,-8,-8,-8,-272,-248,-245,-144,-135,0,-256,-237,-192,-195,-238,-181,-352,-172,-172,-178,-218,-167,-585,-564,-586,-585,-542,-543,-509,-476,-1662,-1600,-1065,-1042]} 1. e4 c6 2. d4 d5 3. Nd2 dxe4 4. Nxe4 Nf6 5. Nxf6+ exf6 6. c3 Bd6 7. Bd3 O-O 8. Qc2 Re8+ {B15: Caro-Kann: 3 Nc3: 3...g6 and 3...dxe4 4 Nxe4 Nf6 5 Nxf6+ exf6} 9. Ne2 (9. Be3 h6 10. Ne2 Na6 11. O-O Nc7 12. c4 Bg4 13. h3 Bxe2 14. Bxe2 Ne6 15. Rad1 Qc7 16. Bg4 Rad8 17. Rfe1 Bf4 18. Bxf4 Nxf4 19. Rxe8+ Rxe8 {½-½ (58) Svidler,P (2756)-Carlsen,M (2839) Porto Carras 2018}) 9... h5 10. O-O h4 {White is slightly better.} 11. h3 Nd7 12. Be3 Nf8 13. Rad1 {[#]} Ne6 $146 ({Predecessor:} 13... Bc7 14. c4 Qd6 15. Bf4 Qd8 16. Bxc7 Qxc7 {½-½ (36) Schreiner,P (2480)-Buhmann,R (2574) Austria 2018}) 14. c4 Ng5 15. Rfe1 Bc7 16. a3 Bd7 17. Nf4 Qc8 18. Bf1 Bf5 19. Qc1 Be4 20. d5 {Black must now prevent d6.} Qb8 (20... Rd8 $11 {keeps the balance.}) 21. b4 (21. Be2 $16) 21... a6 (21... cxd5 $11 {remains equal.} 22. Nxd5 Nxh3+ 23. Kh1 Bxd5 24. Rxd5 Ng5) 22. c5 {Hoping for d6.} cxd5 23. Nxd5 Nxh3+ 24. Kh1 Qc8 25. Nxc7 Qxc7 26. Rd4 Qe5 {[#]} 27. Rxe4 $1 {[%mdl 512]} Qxe4 $11 28. f3 Qf5 {And now ...Ng5 would win.} 29. gxh3 Qxf3+ 30. Bg2 Qg3 31. Bd2 (31. Re2 $14) 31... Rad8 32. Rxe8+ (32. Kg1 $11) 32... Rxe8 $17 33. Qf1 Rd8 34. Bf4 Qxa3 35. Qe1 Qa4 $1 {Strongly threatening ...Rd1.} 36. Kh2 (36. Bd6 $15) 36... Re8 $2 ({Black should play} 36... a5 $1 $19 {[%cal Ra5b4]} 37. c6 bxc6) 37. Qd2 $11 Qb5 38. Bf3 $2 {[%mdl 8192]} (38. Be3 $11) 38... Qf1 $19 39. Qg2 Qc4 (39... Qd3 $19 40. Qf2 g5) 40. Qd2 $17 {[#]} Qf1 (40... a5 $1 $17 {[%cal Ra5b4]} 41. c6 (41. bxa5 Qxc5) 41... bxc6 42. bxa5 g5) 41. Qg2 $19 Qd3 $1 42. Qf2 g5 43. Bd2 Kg7 44. Qg2 $2 (44. Kg2 {was worth a try.}) 44... Kh6 (44... Re5 $142 45. Kh1 a5 $1 {[%mdl 512]} 46. bxa5 Rxc5) 45. Qf2 {[#]} Kg6 $1 46. Qg2 Re7 47. Bc1 $2 (47. Qf2) 47... Qd4 {Threatens to win with ...Qe5+.Black is clearly winning.} 48. Qb2 Qxb2+ 49. Bxb2 Re3 50. Kg2 Rb3 $1 {[%csl LRb2,LRb4]} 51. Ba3 (51. Bc1 $142 Rxb4 52. Kf2) 51... Rxa3 52. Bxb7 Kf5 {Accuracy: White = 49%, Black = 65%.} 0-1

[Event "EICC 2019"]
[Site "Skopia"]
[Date "2019.03.18"]
[Round "1.2"]
[White "Tomashevsky, Evgeny"]
[Black "Warmerdam, Max"]
[Result "1/2-1/2"]
[WhiteElo "2705"]
[BlackElo "2448"]
[Annotator "TA"]
[PlyCount "81"]
[EventDate "2019.03.18"]
[EventType "swiss"]
[EventCountry "MKD"]
[SourceTitle "playchess.com"]
[Source "ChessBase"]
[SourceQuality "1"]

{[%evp 9,81,14,38,31,58,48,47,52,64,64,58,54,66,41,55,42,82,50,60,47,50,18,22,20,27,30,18,6,17,4,20,15,18,4,20,16,18,0,16,-8,22,8,27,12,2,0,0,0,27,8,5,0,4,0,14,4,32,25,32,32,23,29,16,0,0,0,0,0,0,-8,8,-26,-34,-86]} 1. Nf3 d5 2. e3 Nf6 3. c4 c6 4. Nc3 a6 5. Be2 (5. h3 e6 6. b3 c5 7. cxd5 exd5 8. Bb2 Nc6 9. d4 Be6 10. dxc5 Bxc5 11. Bd3 O-O 12. O-O Qe7 {0-1 (63) Artemiev,V (2709)-Laznicka,V (2675) Skopje 2018}) 5... Bf5 6. O-O {A11: English Opening: 1...c6} h6 $146 ({Predecessor:} 6... e6 7. Nh4 Bg6 8. d4 Nbd7 9. g3 Be7 10. f3 Qc7 11. Bd2 c5 12. cxd5 exd5 {½-½ (35) Bae,T (2366)-Christenson,F (2261) Aarhus 2003}) 7. Qb3 Ra7 8. d3 {White is slightly better.} dxc4 9. Qxc4 e6 10. e4 b5 11. Qb3 {[#] Be3 is the strong threat.} Bh7 12. Be3 Rb7 13. Rac1 Nbd7 14. Na4 Rc7 15. Nc5 Nxc5 16. Bxc5 Bxc5 17. Rxc5 {Hoping for Rfc1.} Nd7 18. Rc3 c5 19. Qc2 O-O 20. Rc1 Qe7 21. Qd2 Rfc8 22. Qe3 Qd6 23. h3 Nb6 24. Nd2 Rc6 25. R3c2 Bg6 26. Nb3 {[%cal Rb3c5]} Nd7 27. Rc3 R6c7 28. a3 Qb6 29. Nd2 Qd6 30. Nb3 Qb6 31. Qg3 Rc6 32. Nd2 Qb7 33. Kh2 Nb6 34. Nb3 {[#] Black must now prevent Na5.} Qe7 35. Na5 R6c7 36. b4 Na4 37. R3c2 e5 38. Bg4 Rd8 39. Nb3 {[%cal Rb3c5]} h5 40. Be2 {[%cal Rb3c5]} Rdc8 $1 41. Nd2 {Accuracy: White = 60%, Black = 59%.} ({White should play} 41. Nxc5 $15 Nxc5 42. bxc5) 1/2-1/2

[Event "EICC 2019"]
[Site "Skopia"]
[Date "2019.03.18"]
[Round "1.3"]
[White "Kozak, Adam"]
[Black "Dubov, Daniil"]
[Result "1/2-1/2"]
[WhiteElo "2445"]
[BlackElo "2703"]
[Annotator "TA"]
[PlyCount "104"]
[EventDate "2019.03.18"]
[EventType "swiss"]
[EventCountry "MKD"]
[SourceTitle "playchess.com"]
[Source "ChessBase"]
[SourceQuality "1"]

{[%evp 17,104,12,15,0,0,0,25,-15,-8,-22,-18,-39,-33,-34,-32,-28,-31,-29,-23,-33,-22,-33,-18,-41,-4,-8,-15,-19,-25,-7,0,0,0,0,0,-12,5,-6,0,-5,-9,-166,-162,-184,-182,-207,-214,-202,-200,-226,-135,-138,0,0,0,0,0,0,0,0,0,0,0,0,0,0,0,0,0,0,0,0,0,0,0,0,0,0,0,0,0,0,0,0,0,0,0,0,0]} 1. Nf3 c5 2. c4 Nc6 3. g3 g6 4. Bg2 Bg7 5. Nc3 d6 6. O-O Bf5 7. d3 {A37: Symmetrical English vs ...g6: 4 Bg2 Bg7 5 Nf3} (7. h3 Qd7 8. Kh2 e5 9. d3 h6 10. a3 Nge7 11. Rb1 a5 12. Nd2 O-O 13. Nde4 Kh7 14. Bd2 Be6 {0-1 (87) Harikrishna,P (2725)-Ragger,M (2687) St Petersburg 2018}) 7... Qd7 8. Rb1 Nf6 9. a3 Bh3 {LiveBook: 7 Games} 10. Bg5 Bxg2 $146 ({Predecessor:} 10... h5 11. Bxf6 Bxf6 12. Nd5 Bxg2 13. Nxf6+ exf6 14. Kxg2 h4 15. Nxh4 g5 16. Nf3 Qh3+ 17. Kh1 Nd4 18. Rg1 Nxf3 19. Rg2 Qxh2+ {0-1 (19) Syversrud,J-Paulshus,A (1110) Oslo 2005}) 11. Kxg2 h6 12. Bxf6 Bxf6 13. Qa4 O-O 14. Rfc1 Rac8 15. b4 b6 16. Qd1 e6 17. e3 {[%cal Be2e3,Be3d4,Bd4d5][%mdl 32]} Bg7 18. Kg1 f5 19. d4 cxd4 20. exd4 Nd8 21. Qd3 Nf7 22. Re1 g5 23. h3 g4 24. hxg4 fxg4 25. d5 $1 {[%cal Rd5e6]} e5 26. Nh4 e4 $36 {[%mdl 2048] Black has good play.} 27. Rxe4 Ne5 28. Rxe5 Bxe5 29. Ng6 $2 (29. Ne4 $11) 29... Rf3 $19 30. Nxe5 Rxd3 31. Nxd7 Rxc3 {[%mdl 4160] Endgame Double Attack. KRR-KRN} 32. c5 {[#]} Kf7 $1 ({Much less strong is} 32... bxc5 33. bxc5 dxc5 34. Rb7 $17) (32... Rxa3 33. cxd6 Rac3 34. Nf6+ Kg7 35. Nxg4 $15) 33. a4 Rc7 ({Black should play} 33... dxc5 $19 {Hoping for ...Ke7.} 34. bxc5 Ke7) 34. c6 $17 Ra3 ({Black should try} 34... Rc8 $17 35. Re1 Re8 36. Rxe8 Kxe8 37. Nf6+ Kd8 38. Nxg4 h5) 35. a5 $11 {The position is equal.} b5 36. Re1 Rd3 37. Nb6 $1 Rc3 ({Wrong is} 37... axb6 $2 38. axb6 Ra3 39. b7 $18) 38. Kg2 h5 39. Rh1 Kg6 ({Don't go for} 39... axb6 $2 40. axb6 R7xc6 41. dxc6 $18) 40. Re1 Rf7 41. Nc8 Rc2 42. Rf1 a6 43. Nxd6 Rf3 $1 44. Nb7 {Strongly threatening Nc5.} Rd3 45. Nc5 Rxd5 46. c7 $1 {[%cal Rc7c8]} Rdxc5 47. bxc5 Rxc5 {KR-KR} 48. Rd1 Rxc7 49. Rd6+ {[%mdl 64] [#] Double Attack} Kg5 50. Rxa6 {Threatens to win with Rb6.} b4 51. Rb6 Rc5 52. Rxb4 {aiming for Ra4.} Rxa5 {Accuracy: White = 64%, Black = 66%.} 1/2-1/2

[Event "EICC 2019"]
[Site "Skopia"]
[Date "2019.03.18"]
[Round "1.4"]
[White "Kovalev, Vladislav"]
[Black "Muradli, Mahammad"]
[Result "1-0"]
[WhiteElo "2703"]
[BlackElo "2444"]
[Annotator "TA"]
[PlyCount "47"]
[EventDate "2019.03.18"]
[EventType "swiss"]
[EventCountry "MKD"]
[SourceTitle "playchess.com"]
[Source "ChessBase"]
[SourceQuality "1"]

{[%evp 11,47,25,25,27,68,43,95,91,81,90,89,90,99,111,133,143,294,282,694,659,868,861,831,826,806,797,1327,1326,1325,1210,5597,5597,5497,5489,5406,1047,5393,1798]} 1. e4 d6 2. d4 Nf6 3. Nc3 g6 4. Nf3 Bg7 5. Be3 O-O 6. Qd2 a6 7. Bh6 {B08: Pirc Defence: Classical System} (7. Bd3 Nc6 8. h3 e5 9. d5 Ne7 10. O-O-O b5 11. Bh6 b4 12. Bxg7 Kxg7 13. Ne2 c6 14. dxc6 Nxc6 15. Bc4 Qb6 16. Ng3 Na5 17. Bb3 Nxb3+ 18. axb3 Re8 {0-1 (38) Bok,B (2608)-Smirin,I (2667) Wijk aan Zee 2017}) 7... b5 8. Bd3 Bb7 (8... Nc6 $14) 9. Bxg7 {White is better.} Kxg7 10. e5 dxe5 11. dxe5 Nfd7 12. Qe3 Bxf3 13. gxf3 ({Don't play} 13. Qxf3 $6 c6 $14) 13... f6 $146 (13... e6 $16) ({Predecessor:} 13... c6 14. O-O-O Qb6 {½-½ (68) Thompson,B (2321)-Meincke,A ICCF email 2006}) 14. O-O-O $18 Nxe5 $2 {[#]} (14... e6 15. h4 f5) 15. Bxg6 $1 {[%mdl 512] White is clearly winning.} hxg6 (15... Nxg6 16. Rxd8) 16. Rxd8 Rxd8 17. f4 Nf7 18. Rg1 Rh8 19. Nd5 Nc6 20. Nxc7 Rac8 21. Ne6+ Kh7 22. Qg3 {[%csl Gg1][%cal Rg3g6] [#]} Rhg8 23. Qh4+ Nh6 24. Rg3 {Accuracy: White = 88%, Black = 38%.} 1-0

[Event "EICC 2019"]
[Site "Skopia"]
[Date "2019.03.18"]
[Round "1.5"]
[White "Mazur, Stefan"]
[Black "Saric, Ivan"]
[Result "1/2-1/2"]
[WhiteElo "2441"]
[BlackElo "2703"]
[Annotator "TA"]
[PlyCount "99"]
[EventDate "2019.03.18"]
[EventType "swiss"]
[EventCountry "MKD"]
[SourceTitle "playchess.com"]
[Source "ChessBase"]
[SourceQuality "1"]

{[%evp 11,99,0,16,0,2,14,10,0,4,0,0,0,0,2,4,4,1,2,0,0,2,0,0,0,0,0,0,0,0,0,0,0,0,-26,-21,-27,-8,-12,0,-24,-15,-17,-20,-15,0,0,0,0,0,0,14,14,32,32,60,62,68,68,167,38,26,0,8,8,49,33,40,0,0,0,0,0,0,0,0,0,0,0,0,0,0,0,0,0,0,0,0,0,0,0]} 1. e4 c5 2. Nf3 d6 3. d4 cxd4 4. Nxd4 Nf6 5. Nc3 a6 6. a4 Nc6 7. a5 {B90: Sicilian Najdorf: Unusual White 6th moves, 6 Be3 Ng4 and 6 Be3 e5} (7. Be2 e6 8. O-O Be7 9. Be3 O-O 10. f4 Qc7 11. Kh1 Nxd4 12. Bxd4 e5 13. Be3 exf4 14. Bxf4 Be6 15. Qd3 Nd7 16. Qg3 Ne5 17. Be3 Rfe8 18. Bd4 Bf8 19. Qf2 Rac8 20. Rfd1 g6 21. h3 Bg7 22. Bb6 Qe7 23. Bd4 Rc6 24. a5 {0-1 (49) Movsesian,S (2667)-Navara,D (2732) Czech Republic 2018}) 7... Bd7 8. Nxc6 $146 ({Predecessor:} 8. Nb3 e6 9. Be3 Be7 10. Be2 O-O 11. f4 Rc8 12. Bb6 Qe8 13. Bf3 e5 14. g4 Be6 {1-0 (50) Deepan Chakkravarthy,J (2475)-Gomes,M (2328) New Delhi 2018}) 8... Bxc6 9. Qd3 e6 10. Be2 d5 11. exd5 $1 Nxd5 12. Nxd5 Qxd5 13. Qxd5 Bxd5 14. O-O Rc8 15. c3 Bc5 16. Bf4 Ke7 17. Rfc1 Rhd8 18. b4 Bd6 19. Bxd6+ Rxd6 20. c4 Be4 21. Rd1 Rcd8 22. f3 Bd3 23. Kf2 f5 24. Rac1 Rd4 25. Rc3 {[%cal Rc3d3]} (25. Ke3 {is more complex.} f4+ 26. Kf2 e5 27. Bxd3 Rxd3 28. Re1) 25... Bxe2 26. Rxd4 Rxd4 27. Kxe2 $11 {[%mdl 4096] Endgame KR-KR} Rh4 28. h3 g5 29. b5 Kd7 30. Kd3 e5 31. Rb3 Rd4+ 32. Kc3 Kd6 33. bxa6 bxa6 34. Rb8 f4 (34... h5 $14) 35. Kb4 ({Better is} 35. Rd8+ $18 Kc5 36. Rc8+ Kd6 37. Re8) 35... e4 $1 $14 {[%cal Re4e3]} 36. Rd8+ Ke5 37. Re8+ Kf5 {Threatening ...e3.} 38. fxe4+ Rxe4 39. Rxe4 Kxe4 {KP-KP. The position is equal.} 40. Kc5 h5 41. Kb6 {[#] Strongly threatening c5.} g4 $1 42. hxg4 hxg4 $11 {K3P-K3P} 43. c5 {And now c6 would win.} f3 44. gxf3+ gxf3 {KPP-KPP} 45. c6 {[#] Threatens to win with c7.} f2 46. c7 f1=Q 47. c8=Q Qb5+ 48. Ka7 Qxa5 49. Qxa6 Qxa6+ 50. Kxa6 {Accuracy: White = 63%, Black = 63%.} 1/2-1/2

[Event "EICC 2019"]
[Site "Skopia"]
[Date "2019.03.18"]
[Round "1.7"]
[White "Filip, Lucian-Ioan"]
[Black "Vallejo Pons, Francisco"]
[Result "1/2-1/2"]
[WhiteElo "2438"]
[BlackElo "2698"]
[Annotator "TA"]
[PlyCount "84"]
[EventDate "2019.03.18"]
[EventType "swiss"]
[EventCountry "MKD"]
[SourceTitle "playchess.com"]
[Source "ChessBase"]
[SourceQuality "1"]

{[%evp 16,84,0,0,18,21,21,16,44,11,20,0,0,4,10,2,0,-6,0,0,0,0,16,24,22,12,18,0,0,0,0,0,0,0,0,-7,-7,-10,-7,-7,0,0,0,0,0,0,0,0,0,0,0,0,0,0,0,0,0,0,0,0,0,0,0,0,0,0,0,0,0,0,0]} 1. Nf3 d5 2. d4 Nf6 3. c4 e6 4. g3 Bb4+ 5. Bd2 Be7 6. Bg2 O-O 7. O-O c6 8. Qc2 Nbd7 9. Rd1 a5 {E11: Bogo-Indian} (9... b6 10. Bf4 Nh5 11. Bd2 Nhf6 12. Bf4 Nh5 13. Bd2 Bb7 14. Ne5 Rc8 15. Nc3 Nhf6 16. Bf4 Nh5 17. Bd2 a6 18. e4 dxc4 19. Nxc4 b5 20. Ne3 c5 21. d5 c4 22. a4 Qb6 23. axb5 axb5 24. Ne2 {½-½ (54) Cheparinov,I (2709)-Karjakin,S (2753) St Petersburg 2018}) 10. Bf4 h6 11. Ne5 Qb6 $146 ({Predecessor:} 11... Nh5 12. Bc1 Nhf6 13. Nd3 b6 14. Nd2 Ba6 15. b3 {½-½ (29) Postny,E (2630)-Gajewski,G (2631) Fagernes 2014}) 12. Nc3 {[%cal Bb1c3,Bc3a4,Ba4c5][%mdl 32]} Nxe5 13. Na4 Qa7 14. dxe5 {[#] Threatens to win with Be3.} Nd7 $1 15. cxd5 cxd5 16. Be3 Qb8 17. f4 b5 18. Nc5 Qa7 {[%cal Re7c5]} 19. Rac1 Ba6 {[#] ...Rac8 is the strong threat.} 20. Bd4 {The position is equal.} Rfc8 21. Nxd7 Qxd7 22. Qd2 b4 23. e3 a4 24. b3 g6 25. Rxc8+ Rxc8 26. Rc1 Rxc1+ 27. Qxc1 Bd3 28. Qd1 axb3 29. axb3 ({Reject} 29. Qxd3 bxa2 30. Bf3 Qc7 $15) 29... Be4 30. Bxe4 dxe4 31. Qc2 Qd5 32. h4 g5 33. hxg5 hxg5 34. Kg2 Kg7 35. Qc7 Bf8 36. Qc2 Qb7 37. Kh3 Be7 38. Kg4 Qa6 39. Qxe4 Qe2+ 40. Qf3 Qd3 {( -> ...Qf5+)} 41. f5 exf5+ 42. Qxf5 Qd1+ {Accuracy: White = 82%, Black = 71%.} 1/2-1/2

[Event "EICC 2019"]
[Site "Skopia"]
[Date "2019.03.18"]
[Round "1.8"]
[White "Ragger, Markus"]
[Black "Perunovic, Miodrag"]
[Result "1-0"]
[WhiteElo "2696"]
[BlackElo "2436"]
[Annotator "TA"]
[PlyCount "81"]
[EventDate "2019.03.18"]
[EventType "swiss"]
[EventCountry "MKD"]
[SourceTitle "playchess.com"]
[Source "ChessBase"]
[SourceQuality "1"]

{[%evp 11,81,19,35,31,52,41,46,46,79,80,100,112,141,132,152,143,203,130,182,195,244,250,227,148,154,153,160,157,144,122,186,196,186,187,178,144,199,178,222,221,220,231,213,217,262,253,252,258,264,212,384,375,460,412,617,606,610,600,598,597,1304,1290,806,1568,1509,1470,1481,1479,1415,1360,5720,5543]} 1. e4 e5 2. Nf3 Nf6 3. Nxe5 d6 4. Nf3 Nxe4 5. Bd3 d5 6. Qe2 Qe7 7. O-O {C42: Petroff Defence: 3 Nxe5 and unusual White 3rd moves} Nc5 (7... Nd6 8. Re1 Qxe2 9. Rxe2+ Be7 10. Nc3 Be6 11. b4 Bf6 12. Rb1 O-O 13. a4 Nd7 14. Nb5 Nxb5 15. axb5 {½-½ (28) Grischuk,A (2772)-Fedoseev,V (2718) Riadh 2017}) 8. Re1 Qxe2 9. Bxe2 {White threatens Bb5+ and mate.White is slightly better.} Be7 10. d4 Ne6 11. c4 dxc4 12. d5 Nc5 13. Bxc4 {Black must now prevent Bg5.} Bf5 (13... Nbd7 $16 14. Bg5 Nf6) 14. Bf4 $146 ({Predecessor:} 14. Bg5 f6 {1-0 (59) Birk,S (2248)-Fochtler,E (2213) Wuerttemberg 2002}) 14... Nba6 (14... Bd3 $16) 15. Nc3 $18 {aiming for Re5.} Bd3 16. Bxa6 Bxa6 17. Bxc7 {And now Bd6 would win.} Kd7 18. Rxe7+ Kxe7 19. b4 Kd7 20. d6 ({Don't play} 20. bxc5 $6 Kxc7 21. h3 Rhf8 $11) 20... Nd3 (20... Ne6 $16 {might work better.}) 21. b5 Bxb5 22. Nxb5 {Strongly threatening Rd1.} Rhe8 23. Kf1 f6 (23... Ne5 $16 24. Nfd4 Nc6) 24. Nc3 Re6 25. Rd1 Nc5 26. Nd4 Re5 {[#]} 27. f4 $1 {[%cal Rf4e5]} Re3 28. Nd5 Rd3 29. Rxd3 Nxd3 30. Nf5 Re8 $2 (30... g6 {was worth a try.}) 31. g4 Re1+ 32. Kg2 Rd1 (32... Nc5 $142 33. Nxg7 Ne4) 33. Nxg7 {White is clearly winning.} Ne1+ 34. Kf2 Rxd5 35. Kxe1 a5 36. Nh5 Ke6 37. f5+ Kf7 38. Nf4 Rd4 39. Ne6 Rd5 {[#]} 40. Nc5 $1 {[%mdl 512]} b6 (40... Rxc5 41. d7) 41. d7 {Accuracy: White = 97%, Black = 42%.} 1-0

[Event "EICC 2019"]
[Site "Skopia"]
[Date "2019.03.18"]
[Round "1.9"]
[White "Kourkoulos-Arditis, Stamatis"]
[Black "Grandelius, Nils"]
[Result "0-1"]
[WhiteElo "2435"]
[BlackElo "2694"]
[Annotator "TA"]
[PlyCount "94"]
[EventDate "2019.03.18"]
[EventType "swiss"]
[EventCountry "MKD"]
[SourceTitle "playchess.com"]
[Source "ChessBase"]
[SourceQuality "1"]

{[%evp 19,94,4,17,8,35,27,20,-25,-24,-58,-58,-58,-58,-62,-63,-87,-92,-116,-116,-387,-393,-425,-418,-470,-458,-445,-266,-247,-181,-170,-174,-173,-172,-207,-206,-232,-211,-226,-225,-210,-97,-586,-169,-152,-145,-123,-17,-35,-24,-36,-36,-29,-24,-22,-74,-39,-22,-8,0,-73,-68,-129,-134,-129,-127,-107,-90,-69,0,-105,-77,-257,-234,-350,-327,-29992,-29993]} 1. d4 Nf6 2. c4 g6 3. Nf3 Bg7 4. g3 d5 5. Bg2 dxc4 6. O-O Nbd7 {D73: Fianchetto Grünfeld: 5 Nf3} 7. Na3 Nb6 8. Ne5 Ng4 9. Nxg4 Bxg4 10. Bxb7 O-O {LiveBook: 3 Games} 11. Bxa8 $146 ({Predecessor:} 11. Nc2 Rb8 12. Bg2 {½-½ (108) Fressinet,L (2672)-Svane,R (2555) Doha 2016}) 11... Qxa8 12. f3 Bh3 13. Be3 Rd8 14. Qc2 Bxf1 15. Rxf1 Bxd4 16. Bxd4 Rxd4 17. Nb5 Rd7 18. Rd1 Nd5 19. Qe4 $2 {[%mdl 8192]} (19. Nc3 $17 {keeps fighting.}) 19... c6 $1 $19 20. Nd4 Nf6 21. Qe5 Qd8 22. Rd2 Rd5 (22... Qb6 $142 {And now ...c5 would win.} 23. Qe3 e5 $1 {[%mdl 512]} 24. Qxe5 c5) 23. Qe3 Qd7 {Hoping for ...c5.} 24. f4 Ng4 25. Qc3 e5 26. fxe5 Nxe5 27. Kg2 h5 28. e4 Rd6 29. Nf3 Nd3 (29... Nxf3 $1 $19 {and Black stays clearly on top.} 30. Rxd6 Nh4+ 31. gxh4 Qxd6) 30. Rc2 $2 {[%mdl 8192]} (30. h3 $17 {was the crucial defense.}) 30... Nf4+ $2 (30... Qg4 31. Qxc4 h4 $1 {[%mdl 512]} 32. Nxh4 Qd1) 31. Kf2 Qh3 32. Rd2 ({Wrong is} 32. gxf4 $2 Rd3) 32... Nd3+ (32... Rd3 $17 33. Rxd3 Nxd3+ 34. Ke3 Qf1) 33. Ke3 $1 $11 Qf1 34. b3 g5 {[%cal Bg6g5,Bg5g4][%mdl 32]} 35. Qxc4 {[%cal Rd2d3]} g4 {[%csl Gg4][%cal Rf1f3]} 36. Rxd3 Qxf3+ {[%mdl 4096] Endgame KQR-KQR} 37. Kd2 Qf2+ 38. Kc3 Qe1+ 39. Kc2 {[#]} (39. Kb2 $11 {remains equal.} Qe2+ 40. Kc3 Rxd3+ 41. Qxd3 Qxh2 42. Qe3) 39... Rf6 $1 $17 {[%cal Rf6f2]} 40. Rd8+ {[#]} (40. Qd4 $15 Rf2+ 41. Rd2 Rxd2+ 42. Qxd2 Qxe4+ 43. Kc3) 40... Kh7 $1 {( -> ...Rf2+)} 41. Rd2 Rf1 {Threatens to win with ...Qc1+.} 42. Kd3 Rf3+ $40 {[%mdl 128] Black has strong attack.} 43. Kc2 Rf1 {White must now prevent ...Qc1+.} (43... Qa1 $5 {[%cal Ra1a2]} 44. b4 Kg6 $11) 44. Kd3 a5 45. Qc2 $2 (45. Qc5 $17 Rf3+ 46. Kc2 Qxe4+ 47. Kb2) 45... Rf3+ $19 46. Kd4 (46. Kc4 $142 Qf1+ 47. Rd3) 46... Qe3+ 47. Ke5 $2 (47. Kc4 $19) 47... Qh6 {Precision: White = 34%, Black = 65%.} 0-1

[Event "EICC 2019"]
[Site "Skopia"]
[Date "2019.03.18"]
[Round "1.10"]
[White "Korobov, Anton"]
[Black "Druska, Juraj"]
[Result "1/2-1/2"]
[WhiteElo "2686"]
[BlackElo "2434"]
[Annotator "TA"]
[PlyCount "78"]
[EventDate "2019.03.18"]
[EventType "swiss"]
[EventCountry "MKD"]
[SourceTitle "playchess.com"]
[Source "ChessBase"]
[SourceQuality "1"]

{[%evp 10,78,24,7,7,12,20,9,6,0,0,-11,-15,-14,-2,-21,-16,-82,-38,-45,-62,-45,-27,-47,-45,-39,-20,-66,-75,-62,-62,-208,0,-233,-231,-220,-228,-230,-192,-226,-252,-265,-265,-223,-47,-58,-20,-50,0,0,25,30,8,0,0,0,0,0,0,0,0,0,0,0,0,0,0,0,0,0,0]} 1. d4 Nf6 2. c4 e6 3. Nf3 d5 4. Nc3 c5 5. cxd5 Nxd5 6. e3 cxd4 {D41: Queen's Gambit Declined: Semi-Tarrasch with 5 cxd5} (6... Be7 7. Bd3 O-O 8. O-O Nc6 9. a3 b6 10. Qc2 Nxc3 11. bxc3 g6 12. Bb2 Bb7 13. Qe2 Qc7 14. Rad1 Rfd8 15. h4 Rac8 16. h5 Rd5 17. hxg6 hxg6 18. e4 Rh5 19. g3 Na5 20. Kg2 cxd4 21. cxd4 {1-0 (38) Jakovenko,D (2735)-Salem,A (2660) St Petersburg 2018}) 7. exd4 Nxc3 8. bxc3 Qc7 9. Bd2 Nd7 10. Bd3 Bd6 11. O-O b6 12. c4 Bb7 13. d5 (13. a4 $11 {keeps the balance.}) 13... Nc5 14. Bc3 $146 ({Predecessor:} 14. Bc2) 14... O-O 15. Bc2 e5 16. Re1 {[%cal Rc3e5]} Rae8 17. Ng5 g6 18. f4 {next Nxh7! is good for White.} e4 19. Qd4 {[%csl Gc3][%cal Rd4h8]} f6 20. Rxe4 {[#]} (20. Kh1 $15) 20... Nb3 $2 (20... Nd7 $1 $19 {And now ...Bc5 would win.} 21. Rxe8 Bc5 22. Rxf8+ Nxf8) 21. axb3 $2 (21. Bxb3 $11 {and White has nothing to worry.} Bc5 22. Ne6 Bxd4+ 23. Bxd4) 21... Bc5 $19 22. Ne6 Rxe6 $1 23. Rxe6 Bxd5 24. cxd5 {Bd3 is the strong threat.} Bxd4+ 25. Bxd4 {Hoping for Bd3.} Qxc2 26. d6 {intending d7.} Qf5 $2 (26... Qxb3 $19 27. Ree1 Qb4) 27. Rae1 $15 {Black must now prevent d7.} Qd5 (27... Qd3 $5 {[%cal Rd3d4]} 28. Bb2 Qd2 $17) 28. Ba1 a5 ({Not} 28... Qxb3 29. d7 $16) 29. h3 b5 {[%cal Bb6b5,Bb5b4][%mdl 32]} 30. Kh2 Qd2 31. R1e3 {The position is equal.} b4 $1 32. f5 Rf7 33. fxg6 hxg6 34. Rg3 Qd5 35. Rxg6+ {[%mdl 64] Double Attack} Kh7 36. Rgxf6 Rxf6 37. Rxf6 Qxb3 38. d7 Qd5 {[#]} (38... Qd3 $5 39. Rf7+ $8 Kg8 40. Rg7+ Kf8 $11) 39. Rf7+ $1 {[%mdl 512]} Qxf7 {Accuracy: White = 45%, Black = 57%.} 1/2-1/2